000 00418nam a2200169Ia 4500
003 GCL
008 140319s9999 xx 000 0 eng d
040 _aGCL /
_cGCL
082 0 4 _a128.2
_bB T
100 1 _aBOHM, DAVID
245 1 0 _aTHOUGHT AS A SYSTEM /
_cBOHM, DAVID
260 _a[S.N] :
_bROUTLEDGE ،
_c1994
300 _a250 P
650 0 4 _aPHILOSOPHY - MIND
650 0 4 _aKNOWLEDGE THEORY
942 _2ddc
_cBK
999 _c21046
_d21046